000
00368nam a2200145Ia 4500
041
_a
Kurdish
082
_a
891,1 cut-994 ک
100
_a
20260118u\\\\\\\\\\\y0engy0103\\\\ba
100
_a
دەرباز کەیفى
245
0
_a
پەڕەى گولەکان مەوەرێنن - شیعر -
250
_a
چ1
260
_a
کۆیە
_c
2008
300
_a
59
942
_c
Bk
999
_c
189353
_d
189353